Les plus grands sportifs par sport - Statistiques

Statistiques générales
  • Ce quiz a été pris 1 146 fois
  • Le résultat moyen est 6 sur 10
Statistiques - réponses
Sport Sportif % Correct
Football Pelé/ Cristiano/ Lionel Messi
99%
Basketball LeBron James/ Michael Jordan/ Karim Abdul Jabbar
97%
Tennis Roger Federer/ Novak Djokovic/ Rafael Nadal
94%
Judo Teddy Riner/ Clarisse Agbegnenou
83%
Natation Laure Manaudou/ Michael Phelps
78%
Golf Tiger Woods
72%
Cyclisme Eddy Merckx/ Bernard Hinault
35%
Handball Thierry Omeyer/ Mikel Hansen
30%
Hockey sur glace Sydney Crosby
4%
Equitation Oliver Townend
0%
Aucun quiz correspondant
Distribution des résultats
% des personnes avec chaque résultat
Percentile par nombre de réponses
Votre historique - résultats
Vous n’avez pas pris ce quiz